| 000 | 00932nam a2200265 a 4500 | ||
|---|---|---|---|
| 005 | 20210223130208.0 | ||
| 008 | 070516s2005 mx r 000 0 spa d | ||
| 020 | _a842053711X | ||
| 035 | _aUPN01000150307 | ||
| 049 | _aCG | ||
| 050 | 4 |
_aHQ799.95 _bS3.6 2005 |
|
| 100 | 1 | _aSchaie, K. Warner | |
| 245 | 1 | 0 |
_aPsicología de la edad adulta y la vejez / _cK. Warner Schaie, Scherry L. Willis ; tr. Marina Olmos Soria. |
| 250 | _a5a ed. | ||
| 260 |
_aMadrid : _bPearson Prentice Hall, _c2005. |
||
| 300 |
_axvi, 609 p. : _bil. |
||
| 534 |
_pTraducción de: _tAdult development and aging |
||
| 590 | _aBibliografía Básica (BGTQ) | ||
| 590 | _a(También localizas un ejemplar en el "Area de Reserva") | ||
| 650 | 4 |
_aEDAD ADULTA - _xASPECTOS PSICOLOGICOS _93659 |
|
| 650 | 4 |
_aENVEJECIMIENTO - _xASPECTOS PSICOLOGICOS _921534 |
|
| 650 | 4 |
_aANCIANOS - _xPSICOLOGIA _9585 |
|
| 700 | 1 |
_aWillis, Sherry L., _ecoaut. |
|
| 905 | _aLibro | ||
| 999 |
_c122448 _d122448 |
||